All Dutch Premier League Players - Statistics

General Stats
  • This quiz has been taken 97 times
  • The average score is 15 of 22
Answer Stats
Club Pos Former Club Answer % Correct
Liverpool DEF Southampton Virgil van Dijk
95%
Liverpool ATT PSV Cody Gakpo
94%
Spurs DEF Wolfsburg Micky van de Ven
94%
Liverpool MID Bayern Ryan Gravenberch
92%
Man United DEF Bayern Matthijs de Ligt
91%
Arsenal DEF Ajax Jurrien Timber
87%
Man City DEF Chelsea Nathan Ake
86%
Man United ATT Bologna Joshua Zirkzee
80%
Aston Villa DEF Chelsea Ian Maatsen
76%
Brentford GK Freiburg Mark Flekken
74%
Newcastle DEF Lille Sven Botman
74%
Man United DEF Feyenoord Tyrell Malacia
74%
Brighton GK Anderlecht Bart Verbruggen
73%
Brighton DEF Ajax Joel Veltman
68%
Bournemouth ATT Roma Justin Kluivert
68%
West Ham ATT Leeds Crysencio Summerville
65%
Brentford DEF Liverpool Sepp van den Berg
60%
Brighton DEF NAC Jan Paul van Hecke
58%
Fulham DEF Lyon Kenny Tete
53%
Brighton MID Feyenoord Mats Wieffer
51%
Aston Villa DEF Youth Lamare Bogarde
27%
Aston Villa DEF Youth Sil Swinkels
7%
No matching quizzes found
Score Distribution
Percent of People with Each Score
Percentile by Number Answered
Your Score History
You have not taken this quiz